Tonkaja techničeskaja keramika /

Enregistré dans:
Détails bibliographiques
Autres auteurs: Janagida, Ch (Compilateur)
Format: Livre
Publié: Moskva : Metallurgija, 1986
Tags: Ajouter un tag
Pas de tags, Soyez le premier à ajouter un tag!

MARC

LEADER 00000nam a22000003a 4500
001 stu19904
005 20150617225753.6
008 ------s1986----xxr---------------------d
040 |a STU  |b slo 
041 0
044 |a xxr 
080 |a 669.018.95 
100 1 |a Janagida, Ch  |4 com 
245 1 |a Tonkaja techničeskaja keramika /  |c Pod red. Janagida,Ch 
260 |a Moskva :  |b Metallurgija,  |c 1986 
300 |a 276 s :  |b Obr.,tab.,grafy,lit 
996 |b C78832  |c C*78832  |l CCVIIIB  |s P  |a 0  |w stu19904_0001 
996 |b C79341  |c C*79341  |l CCIII  |s P  |a 0  |w stu19904_0002 
996 |b C79023  |c C*79023  |l CCVI  |s P  |a 0  |w stu19904_0003